मैं सोचती हूँ / (Record no. 119630)

MARC details
000 -LEADER
fixed length control field 01040nam a22002537a 4500
005 - DATE AND TIME OF LATEST TRANSACTION
control field 20170124103145.0
010 ## - LIBRARY OF CONGRESS CONTROL NUMBER
LC control number B-189379
020 ## - INTERNATIONAL STANDARD BOOK NUMBER
Terms of availability 150.00
International Standard Book Number 8187771194
035 ## - SYSTEM CONTROL NUMBER
System control number B-189379
037 ## - SOURCE OF ACQUISITION
Source of stock number/acquisition Cen Lib/Ret
040 ## - CATALOGING SOURCE
Original cataloging agency DPL
Language of cataloging HN
082 ## - DEWEY DECIMAL CLASSIFICATION NUMBER
Classification number 824
Item number खुल्लर
100 ## - MAIN ENTRY--PERSONAL NAME
Personal name खुल्लर, प्रेमा
9 (RLIN) 85954
245 ## - TITLE STATEMENT
Title मैं सोचती हूँ /
Statement of responsibility, etc प्रेमा खुल्लर
246 ## - VARYING FORM OF TITLE
Title proper/short title Main sochati hu /
Remainder of title by Prema Khuller
260 ## - PUBLICATION, DISTRIBUTION, ETC. (IMPRINT)
Place of publication, distribution, etc गाज़ियाबाद
Name of publisher, distributor, etc पराग बुक्स
Date of publication, distribution, etc 2005
270 ## - ADDRESS
City गाज़ियाबाद
Address बद्री धाम, ई-28, लाजपत नगर
Postal code 201005
300 ## - PHYSICAL DESCRIPTION
Extent 127पृ.
Dimensions 20सेमी (सजिल्द)
650 ## - SUBJECT ADDED ENTRY--TOPICAL TERM
Topical term or geographic name as entry element साहित्य--निबंध
9 (RLIN) 85955
650 ## - SUBJECT ADDED ENTRY--TOPICAL TERM
Topical term or geographic name as entry element हिन्दी निबंध संग्रह
9 (RLIN) 85956
650 ## - SUBJECT ADDED ENTRY--TOPICAL TERM
Topical term or geographic name as entry element Literature--Essay
9 (RLIN) 78374
650 ## - SUBJECT ADDED ENTRY--TOPICAL TERM
Topical term or geographic name as entry element Hindi Essay Collection
9 (RLIN) 46584
942 ## - ADDED ENTRY ELEMENTS (KOHA)
Source of classification or shelving scheme Dewey Decimal Classification
Koha item type Hindi Books
Classification part 824
Call number suffix खुल्लर
Holdings
Withdrawn status Lost status Damaged status Not for loan Home library Current library Date acquired Source of acquisition Cost, normal purchase price Total Checkouts Total Renewals Full call number Barcode Date last seen Date checked out Copy number Cost, replacement price Price effective from Koha item type Source of classification or shelving scheme Collection code
        Central Library Central Library 17/09/2015 Cen Lib/Ret 150.00 1 1 824 खुल्लर B-189379 02/06/2019 05/05/2019 1 150.00 17/09/2015 Hindi Books    
        Sarojini Nagar Sarojini Nagar 26/07/2018         824 खुल्लर B-189381 26/07/2018       26/07/2018 Hindi Books Dewey Decimal Classification Non-fiction

© Delhi Public Library
Hit Counter
free hit counter